| 000 | 00831cam a2200241 4500 | ||
|---|---|---|---|
| 001 | ABS64349 | ||
| 008 | 010828n2001 000 0 eng u | ||
| 035 | _a(Sirsi) u114343 | ||
| 100 | _aRees, R | ||
| 245 | _aFarmland - how development potential is converted into real value | ||
| 260 | _c2001 | ||
| 490 |
_aProperty Forecast _v4(8) August 2001, 10-11(2) |
||
| 520 | _aDiscusses the processes and options available to landowners selling agricultural land, in order to cash in on the raised premiums by converting the land to development land. | ||
| 590 | _aABS | ||
| 650 | _aFARMLAND | ||
| 650 | _aDEVELOPMENT POTENTIAL | ||
| 650 | _aREAL ESTATE VALUATION | ||
| 650 | _aPLANNING PROCESS | ||
| 650 |
_aPLANNING AND DEVELOPMENT _96259 |
||
| 650 | _aPROMOTION | ||
| 690 | _aPROPERTY-PROPERTY DEVELOPMENT | ||
| 942 | _n0 | ||
| 999 |
_c68089 _d68089 |
||